000 01277 a2200205 4500
001 40180
005 20260407155656.0
008 260407a1970 arg spa d
003 AR-UNSa-BCEJYS
040 _aAR-UNSa-BCEJYS
_bspa
_cAR-UNSa-BCEJYS
080 _a930
_xCiencia de la historia. Ciencias auxiliares de la historia (Historiografía...)
245 1 0 _aLos historiadores progresistas
_pTurner, Beard, Parrington
264 1 _aBuenos Aires :
_bPaidós
_c1970
300 _a446 p.
_c23 cm.
505 _aParte I: Los antecedentes : 1. La historiografía antes de Turner - Parte II: Federick Jackson Turner : 2. Turner y la rebelión del oeste - 3. La frontera, la sección y el pasado utilizable - 4. La frontera como explicación - Parte III: Charles A. Beard : 5. Beard y el espiritu progresista - 6. La constitución como documento docuemnto económico - 7. La constitución y el pensamiento político - 8. Reconsideraciones - 9. La teoría demoníaca de Franklín D. Roosevelt - Parte IV: V.L. Parrington : 10. Economía y crítica - 11. Crítica y pensamiento político - Parte V: Las consecuencias: 12.Conflicto y consenso en la historia norteamerica.
041 _aspa
942 _cBK
590 _aniveau_biblio:m niveau_hierar:0
100 1 _aHofstadter, Richard
999 _c3185
_d3185